[Event "17th Dubai Chess Open"]
[Site "Dubai UAE"]
[Date "2015.04.11"]
[Round "5.7"]
[White "Arun Prasad, S."]
[Black "Kuzubov, Yuriy"]
[Result "0-1"]
[WhiteTitle "GM"]
[BlackTitle "GM"]
[WhiteElo "2502"]
[BlackElo "2667"]
[WhiteFideId "5011167"]
[BlackFideId "14112906"]
[EventDate "2015.04.06"]

1. Nf3 g6 2. c4 Bg7 3. Nc3 e5 4. d4 exd4 5. Nxd4 Nf6 6. e4 O-O 7. Bd3 c6 8. O-O
d5 9. exd5 cxd5 10. h3 Nc6 11. Be3 Re8 12. Nxc6 bxc6 13. Bd4 Rb8 14. Bxa7 Rxb2
15. Na4 Rb7 16. Bc5 Nh5 17. Rc1 Nf4 18. Be3 Nxd3 19. Qxd3 d4 20. Bd2 Bf5 21. Qf3
Qa8 22. Rfe1 Rxe1+ 23. Rxe1 Bf8 24. Qxc6 Bd7 25. Nb6 Bxc6 26. Nxa8 Rb2 27. Bc1
Rb1 28. Nc7 Bh6 0-1

[Event "17th Dubai Chess Open"]
[Site "Dubai UAE"]
[Date "2015.04.11"]
[Round "5.8"]
[White "Harutyunian, Tigran K."]
[Black "Bartel, Mateusz"]
[Result "0-1"]
[WhiteTitle "IM"]
[BlackTitle "GM"]
[WhiteElo "2445"]
[BlackElo "2627"]
[WhiteFideId "13303635"]
[BlackFideId "1112635"]
[EventDate "2015.04.06"]

1. Nf3 d5 2. d4 e6 3. g3 b5 4. Bg2 Bb7 5. O-O Nf6 6. Nbd2 Nbd7 7. e4 Nxe4 8.
Nxe4 dxe4 9. Ng5 Nf6 10. Qe2 Qd5 11. Re1 Be7 12. Nxe4 Nxe4 13. Bxe4 Qxe4 14.
Qxe4 Bxe4 15. Rxe4 Kd7 16. Bd2 Rhb8 17. a3 a5 18. h4 Rb6 19. Rae1 Bd6 20. R4e3
Rc6 21. c3 Rc4 22. Rf3 Rf8 23. h5 h6 24. Re4 f5 25. Re1 a4 26. Bf4 Bxf4 27. Rxf4
Kd6 28. g4 c5 29. Re5 cxd4 30. cxd4 Rxd4 31. Rxe6+ Kxe6 32. Rxd4 fxg4 33. Rxg4
Rf5 34. Rxg7 Rxh5 35. Kg2 Kd5 36. Rc7 Rg5+ 37. Kf3 Rg1 38. Rd7+ Kc4 39. Rd2 h5
40. Ke4 h4 41. f4 h3 42. Kf3 b4 43. axb4 Kxb4 44. f5 Rg5 45. Ke4 Rg2 46. Rd4+
Kc5 47. Rd5+ Kc6 48. Rd8 h2 49. Rh8 Kd6 50. Kf4 Rxb2 51. Rh6+ Ke7 52. f6+ Ke6
53. Kg3 a3 54. Rh7 Kxf6 0-1

[Event "17th Dubai Chess Open"]
[Site "Dubai UAE"]
[Date "2015.04.11"]
[Round "5.9"]
[White "Ivanisevic, Ivan"]
[Black "Stojanovic, Mihajlo"]
[Result "1/2-1/2"]
[WhiteTitle "GM"]
[BlackTitle "GM"]
[WhiteElo "2638"]
[BlackElo "2555"]
[WhiteFideId "912417"]
[BlackFideId "916366"]
[EventDate "2015.04.06"]

1. d4 d5 2. c4 dxc4 3. Nf3 Nf6 4. e3 e6 5. Bxc4 c5 6. O-O Nc6 7. Nc3 a6 8. dxc5
Bxc5 9. Qxd8+ Kxd8 10. Ng5 Ke7 11. Nge4 Bb4 12. Nxf6 Kxf6 13. Ne4+ Kg6 14. Rd1
b5 15. Be2 Rd8 16. Rxd8 Nxd8 17. a3 Be7 18. Bd2 f5 19. Ng3 Kf7 20. Bc3 Bb7 21.
Rd1 g6 22. h4 Ke8 23. h5 Nf7 24. hxg6 hxg6 25. Bf3 Bxf3 26. gxf3 Rd8 27. Rc1 Rc8
28. Ne2 e5 29. Kg2 Bd6 30. f4 Rc4 1/2-1/2

[Event "17th Dubai Chess Open"]
[Site "Dubai UAE"]
[Date "2015.04.11"]
[Round "5.10"]
[White "Das, Sayantan"]
[Black "Safarli, Eltaj"]
[Result "1/2-1/2"]
[WhiteTitle "IM"]
[BlackTitle "GM"]
[WhiteElo "2434"]
[BlackElo "2641"]
[WhiteFideId "5034426"]
[BlackFideId "13402129"]
[EventDate "2015.04.06"]

1. e4 e5 2. Nf3 Nc6 3. Bb5 a6 4. Ba4 d6 5. Bxc6+ bxc6 6. d4 exd4 7. Qxd4 Nf6 8.
Nc3 Be7 9. O-O O-O 10. h3 c5 11. Qd3 Bb7 12. Bf4 Re8 13. Rfe1 Nd7 14. Nd5 Bf6
15. c3 Rb8 16. b3 Nf8 17. Rad1 Ng6 18. Bg3 a5 19. Nd2 Bxd5 20. exd5 a4 21. bxa4
Ra8 22. Nb3 Rxa4 23. Qb5 Ra8 24. c4 Rxe1+ 25. Rxe1 h5 26. Na5 Bc3 27. Nc6 Qg5
28. Rf1 h4 29. Bh2 Rxa2 30. Qb3 Qd2 31. Qb8+ Kh7 32. Qxc7 Ra1 33. Rxa1 Bxa1 34.
g4 Qe1+ 35. Kg2 Qe4+ 36. Kg1 Qf3 37. Qa7 Bd4 38. Nxd4 Qxh3 39. f3 cxd4 40. Qxf7
Ne5 41. Qh5+ Kg8 42. Qe8+ Kh7 43. Qh5+ Kg8 1/2-1/2

[Event "17th Dubai Chess Open"]
[Site "Dubai UAE"]
[Date "2015.04.11"]
[Round "5.11"]
[White "Iturrizaga Bonelli, Eduardo"]
[Black "Hayrapetyan, Hovik"]
[Result "1-0"]
[WhiteTitle "GM"]
[BlackTitle "GM"]
[WhiteElo "2630"]
[BlackElo "2465"]
[WhiteFideId "3901211"]
[BlackFideId "13302639"]
[EventDate "2015.04.06"]

1. Nf3 d5 2. c4 e6 3. g3 Nf6 4. Bg2 dxc4 5. Qa4+ Bd7 6. Qxc4 Bc6 7. Qc2 Nbd7 8.
O-O Be7 9. d3 O-O 10. e4 Nb6 11. Nc3 Be8 12. d4 Rc8 13. Rd1 c6 14. e5 Nfd5 15.
Ne4 h6 16. Ne1 f5 17. exf6 Nxf6 18. Nc5 Bxc5 19. Qxc5 Bh5 20. Rd2 Nfd5 21. b3 a6
22. Ba3 Nd7 23. Qc2 Rf6 24. Bd6 Bg6 25. Qb2 Rf7 26. Re2 Bf5 27. Rc1 a5 28. h3
Qf6 29. Qd2 Ra8 30. Nf3 g5 31. Rce1 Re8 32. Nh2 h5 33. Qxa5 Qxd4 34. Nf3 Qf6 35.
Qd2 Rg7 36. Nd4 Rf7 37. a4 e5 38. Nxf5 Qxf5 39. Bxd5 cxd5 40. Qxd5 Qxh3 41. Qxb7
Qe6 42. Bxe5 Qf5 43. Bc7 Ne5 44. Kg2 h4 45. Qd5 g4 46. Kf1 h3 47. Bxe5 Rxe5 48.
Qxe5 Qf3 49. Qe4 Kg7 50. Qxf3 1-0

[Event "17th Dubai Chess Open"]
[Site "Dubai UAE"]
[Date "2015.04.11"]
[Round "5.12"]
[White "Guseinov, Gadir"]
[Black "Idani, Pouya"]
[Result "1-0"]
[WhiteTitle "GM"]
[BlackTitle "GM"]
[WhiteElo "2614"]
[BlackElo "2496"]
[WhiteFideId "13401378"]
[BlackFideId "12510130"]
[EventDate "2015.04.06"]

1. e4 c5 2. Nc3 d6 3. Nf3 Nf6 4. d4 cxd4 5. Nxd4 a6 6. Be3 e5 7. Nf3 Qc7 8. a4
Be6 9. Ng5 Bd7 10. a5 Be7 11. Be2 O-O 12. O-O h6 13. Nf3 Be6 14. Nd5 Nxd5 15.
exd5 Bg4 16. Bb6 Qc8 17. Nd2 Bxe2 18. Qxe2 Nd7 19. Nc4 f5 20. Ra3 Nf6 21. Rd1
Qe8 22. f4 e4 23. Be3 Rc8 24. Nb6 Rc7 25. c4 Nh5 26. Rf1 g5 27. fxg5 f4 28. Bd4
Bxg5 29. Qg4 Kh7 30. Rh3 Bf6 31. Bxf6 Nxf6 32. Qxf4 Qg6 33. Rg3 Qh5 34. c5 Rcf7
35. cxd6 Kh8 36. Rh3 1-0

[Event "17th Dubai Chess Open"]
[Site "Dubai UAE"]
[Date "2015.04.11"]
[Round "5.13"]
[White "Volkov, Sergey"]
[Black "Pourramezanali, Amirreza"]
[Result "1/2-1/2"]
[WhiteTitle "GM"]
[BlackTitle "IM"]
[WhiteElo "2614"]
[BlackElo "2432"]
[WhiteFideId "4122763"]
[BlackFideId "12511412"]
[EventDate "2015.04.06"]

1. c4 e5 2. g3 Nf6 3. Bg2 d5 4. cxd5 Nxd5 5. Nc3 Nb6 6. Nf3 Nc6 7. O-O Be7 8. d3
O-O 9. Be3 Re8 10. Qd2 Bf8 11. Rfc1 h6 12. Rab1 Bg4 13. Ne4 Nd4 14. Bxd4 exd4
15. b4 c6 16. Nc5 Rb8 17. Qf4 Bxf3 18. Bxf3 Qd6 19. Qxd6 Bxd6 20. Kf1 Red8 21.
Rc2 Bf8 22. a3 Nd5 23. Nb3 Nc3 24. Ra1 g6 25. Nxd4 Bg7 26. Nb3 Nb5 27. Rac1 Nxa3
28. Ra2 Nb5 29. Nc5 Rd4 30. Ra4 Bf8 31. e3 Bxc5 32. Rxc5 Rxd3 33. Be2 Rd6 34.
Bxb5 cxb5 35. Rxa7 Ra6 36. Rxa6 bxa6 37. Ke2 Rb6 38. h4 h5 39. f4 Kg7 40. Rc7
Re6 41. Kf3 Rd6 42. Ke2 Kg8 43. Rc5 f5 44. Rc7 Re6 45. Ra7 Re4 46. Rxa6 Kg7 47.
Ra7+ Kf6 48. Ra6+ Kf7 49. Ra7+ Kf6 1/2-1/2

[Event "17th Dubai Chess Open"]
[Site "Dubai UAE"]
[Date "2015.04.11"]
[Round "5.14"]
[White "Vocaturo, Daniele"]
[Black "Laxman, R.R."]
[Result "1-0"]
[WhiteTitle "GM"]
[BlackTitle "GM"]
[WhiteElo "2579"]
[BlackElo "2375"]
[WhiteFideId "813192"]
[BlackFideId "5005361"]
[EventDate "2015.04.06"]

1. d4 Nf6 2. c4 e6 3. Nc3 Bb4 4. e3 d5 5. Nf3 O-O 6. Bd3 c5 7. O-O Nc6 8. cxd5
exd5 9. dxc5 Bxc5 10. h3 Be6 11. b3 Qe7 12. Bb2 Rfd8 13. Rc1 Ne4 14. Bb1 Bb4 15.
Ne2 Rac8 16. Ned4 Ba3 17. Qe2 Bd6 18. Rfd1 h6 19. Nxe6 Qxe6 20. Ne1 Be5 21. Nd3
Bxb2 22. Qxb2 Qf6 23. Qxf6 Nxf6 24. Nc5 Na5 25. f3 Kf8 26. Kf2 Rc6 27. Nd3 Rdc8
28. g4 Rxc1 29. Nxc1 Nc6 30. Ne2 a5 31. h4 Ne7 32. Nf4 Rc5 33. g5 hxg5 34. hxg5
Nd7 35. e4 Nb6 36. e5 Nc6 37. e6 Ne5 38. exf7 Kxf7 39. g6+ Ke7 40. Re1 Kd6 41.
Nh5 Rc7 42. Ng3 Nc6 43. f4 Nd4 44. f5 Nd7 45. Nh5 Ne5 46. Rd1 Nb5 47. Rg1 Rc3
48. f6 Rf3+ 49. Kg2 1-0

[Event "17th Dubai Chess Open"]
[Site "Dubai UAE"]
[Date "2015.04.11"]
[Round "5.15"]
[White "Banusz, Tamas"]
[Black "Kathmale, Sameer"]
[Result "1-0"]
[WhiteTitle "GM"]
[BlackTitle "IM"]
[WhiteElo "2585"]
[BlackElo "2322"]
[WhiteFideId "722413"]
[BlackFideId "5024498"]
[EventDate "2015.04.06"]

1. Nf3 Nf6 2. c4 c6 3. d4 d5 4. g3 Bg4 5. Ne5 Bf5 6. cxd5 Be4 7. f3 Bxd5 8. Nc3
Be6 9. e4 g6 10. Be3 Bg7 11. Be2 O-O 12. O-O c5 13. d5 Bh3 14. Rf2 Nxe4 15. Nxe4
Bxe5 16. g4 b6 17. Ng5 Bxg4 18. fxg4 Bxb2 19. Rb1 Bf6 20. Ne4 Bg7 21. Qd2 Nd7
22. Rbf1 Nf6 23. Nxf6+ Bxf6 24. d6 Be5 25. Bc4 Qxd6 26. Rxf7 Rxf7 27. Rxf7 Kh8
28. Qg2 Qd1+ 29. Rf1 Qd8 30. Qe4 Bg7 31. Rf7 Qd1+ 32. Kg2 Rd8 33. Rxg7 Rd2+ 34.
Kh3 1-0

[Event "17th Dubai Chess Open"]
[Site "Dubai UAE"]
[Date "2015.04.11"]
[Round "5.16"]
[White "Nigalidze, Gaioz"]
[Black "Deshpande, Aniruddha"]
[Result "1-0"]
[WhiteTitle "GM"]
[WhiteElo "2566"]
[BlackElo "2232"]
[WhiteFideId "13603078"]
[BlackFideId "5021774"]
[EventDate "2015.04.06"]

1. d4 d5 2. c4 c6 3. Nc3 Nf6 4. Nf3 a6 5. e3 Bf5 6. Be2 h6 7. Qb3 Ra7 8. cxd5
cxd5 9. Ne5 e6 10. Bd2 Bd6 11. Qa4+ Nc6 12. Nxc6 bxc6 13. Qxc6+ Ke7 14. Bxa6 Qa5
15. Be2 Rb8 16. Nb5 Bb4 17. O-O Rab7 18. Bxb4+ Qxb4 19. a3 Qa5 20. Qd6+ Ke8 21.
Rac1 Nd7 22. b4 Qa4 23. Nc7+ Kd8 24. Na6 1-0

[Event "17th Dubai Chess Open"]
[Site "Dubai UAE"]
[Date "2015.04.11"]
[Round "5.17"]
[White "Karavade, Eesha"]
[Black "Petrosian, Tigran L."]
[Result "0-1"]
[WhiteTitle "IM"]
[BlackTitle "GM"]
[WhiteElo "2405"]
[BlackElo "2671"]
[WhiteFideId "5012600"]
[BlackFideId "13301616"]
[EventDate "2015.04.06"]

1. d4 d6 2. Nf3 g6 3. e4 Nf6 4. Bd3 Bg7 5. c3 O-O 6. O-O Nc6 7. d5 Nb8 8. h3 Na6
9. Re1 e5 10. Be3 Nd7 11. Qc1 f5 12. exf5 gxf5 13. Bxa6 bxa6 14. Bh6 f4 15. Bxg7
Kxg7 16. c4 Rf6 17. Nbd2 Rg6 18. Qc3 h6 19. b4 Kh7 20. Rac1 a5 21. c5 axb4 22.
Qxb4 Nf6 23. cxd6 cxd6 24. Qb3 Rg7 25. Qd3+ Kh8 26. Nh4 Qd7 27. Ne4 Nxe4 28.
Qxe4 Qf7 29. Kh2 Qf6 30. g3 Bd7 31. Ng2 Rag8 32. Rc3 Bf5 33. Qb4 Rg5 34. Ra3 a5
35. Qc4 Bxh3 36. Nxf4 Bd7 37. Nd3 Qf3 38. Re4 Rxg3 0-1

[Event "17th Dubai Chess Open"]
[Site "Dubai UAE"]
[Date "2015.04.11"]
[Round "5.18"]
[White "Gupta, Abhijeet"]
[Black "Sundararajan, Kidambi"]
[Result "1/2-1/2"]
[WhiteTitle "GM"]
[BlackTitle "GM"]
[WhiteElo "2625"]
[BlackElo "2433"]
[WhiteFideId "5010608"]
[BlackFideId "5005370"]
[EventDate "2015.04.06"]

1. d4 Nf6 2. c4 e6 3. Nf3 Nc6 4. a3 d6 5. Nc3 g6 6. g3 Bg7 7. Bg2 O-O 8. O-O Re8
9. Bf4 Bd7 10. d5 Ne7 11. e4 e5 12. Bd2 c6 13. Qe2 a6 14. Rfd1 c5 15. Ne1 Rf8
16. Nd3 Nc8 17. b4 b6 18. Rab1 Ne8 19. Be3 f5 20. bxc5 bxc5 21. Rb7 Rf7 22. Rdb1
Nf6 23. Rb8 Rxb8 24. Rxb8 Be8 25. Bg5 Ra7 26. Qb2 Qc7 27. Bh3 Bd7 28. Qb1 h6 29.
Bxf6 Bxf6 30. Ne1 Kg7 31. Ng2 Ne7 32. Qb6 Qxb6 33. Rxb6 Nc8 34. Rb8 Bd8 35. Ne3
Bc7 36. Rb3 Ne7 37. f4 exf4 38. gxf4 Kf7 39. Kf2 Bc8 40. Ke2 Ra8 41. Na4 Ra7 42.
Kd2 fxe4 43. Bxc8 Nxc8 44. Ng4 Ne7 45. Ke3 Nf5+ 46. Kxe4 Ba5 47. Nxc5 dxc5 48.
Ne5+ Kf6 49. Nc6 Nd4 50. Nxd4 cxd4 51. Kxd4 Bc7 52. Ke4 Bd6 53. Rb6 Ke7 54. Kd4
Rc7 55. Rxa6 Kd7 56. h3 g5 57. fxg5 hxg5 58. a4 Bc5+ 59. Kc3 Ra7 60. Rc6 Bd6 61.
c5 Bxc5 62. Rxc5 Rxa4 63. Rc6 Rh4 1/2-1/2

[Event "17th Dubai Chess Open"]
[Site "Dubai UAE"]
[Date "2015.04.11"]
[Round "5.19"]
[White "Fier, Alexandr"]
[Black "Visakh, NR"]
[Result "1-0"]
[WhiteTitle "GM"]
[WhiteElo "2601"]
[BlackElo "2389"]
[WhiteFideId "2107139"]
[BlackFideId "25012223"]
[EventDate "2015.04.06"]

1. d4 Nf6 2. c4 e6 3. Nc3 Bb4 4. e3 O-O 5. Ne2 Re8 6. a3 Bf8 7. Ng3 d5 8. Be2
dxc4 9. O-O c5 10. dxc5 Qxd1 11. Rxd1 Bxc5 12. Bxc4 a6 13. b4 Be7 14. Bb2 Nbd7
15. Nge4 Nxe4 16. Nxe4 Nb6 17. Bb3 Bd7 18. Nd6 Bxd6 19. Rxd6 Bc6 20. e4 Rad8 21.
Rad1 Rxd6 22. Rxd6 Nc8 23. Rd4 Nb6 24. f3 Rc8 25. Rd6 Kf8 26. Kf2 Ke7 27. Rd2 f6
28. Bd4 Nd7 29. Rc2 Rd8 30. h4 Rc8 31. g4 Rd8 32. Rd2 Rc8 33. a4 b5 34. a5 Bb7
35. Rd1 e5 36. Be3 Rc3 37. Rb1 g6 38. Bg8 Rc2+ 39. Kg3 Rc3 40. Re1 Kf8 41. Ba2
Ra3 42. Bh6+ Ke8 43. Bg8 f5 44. Bxh7 Bxe4 45. Bxg6+ Ke7 46. Bg5+ Ke6 47. Rxe4
fxe4 48. Bf5+ Kd6 49. Bxe4 Nf8 50. h5 Rb3 51. Bd2 Rb2 52. Bc1 Rb3 53. h6 Ke6 54.
g5 Rc3 55. Bd2 Rc8 56. h7 Nxh7 57. Bxh7 Kf7 58. Be4 Rc7 59. Be3 Rd7 60. Kg4 Kg7
61. Kf5 Re7 62. Bc5 Rd7 63. Kxe5 Rd1 64. Be7 Rd2 65. Bf6+ Kf7 66. g6+ 1-0

[Event "17th Dubai Chess Open"]
[Site "Dubai UAE"]
[Date "2015.04.11"]
[Round "5.20"]
[White "Mehar, Chinna Reddy C.H."]
[Black "Rakhmanov, Aleksandr"]
[Result "0-1"]
[WhiteTitle "FM"]
[BlackTitle "GM"]
[WhiteElo "2319"]
[BlackElo "2639"]
[WhiteFideId "5027420"]
[BlackFideId "4173708"]
[EventDate "2015.04.06"]

1. e4 d5 2. exd5 Qxd5 3. Nc3 Qd6 4. d4 Nf6 5. Nf3 g6 6. Ne5 Bg7 7. Bc4 O-O 8.
O-O Nc6 9. Nb5 Qd8 10. h3 Ne8 11. Bf4 a6 12. Nxc6 bxc6 13. Nc3 Qxd4 14. Qxd4
Bxd4 15. Rfe1 Nd6 16. Bb3 Bf6 17. Be5 Bxe5 18. Rxe5 e6 19. Rd1 Rd8 20. Ne4 Kg7
21. Ba4 Rb8 22. b3 Nb7 23. Rxd8 Nxd8 24. Rc5 Rb4 25. f3 f5 26. Nf2 Bb7 27. c3
Rb6 28. Nd3 Kf6 29. Ne5 Ke7 30. b4 Ba8 31. f4 Ke8 32. Nc4 Rb8 33. Ne5 Rb6 34.
Kh2 Ke7 35. Kh1 Nf7 36. Bb3 Nd6 37. Nd3 Nf7 38. Ne5 Nd6 39. Nd3 Nf7 40. Ra5 Bb7
41. Ne5 Rb5 42. Nc4 Nd6 43. Ra4 Ne4 44. Na5 Nxc3 45. Ra3 Nb1 46. Ra4 Nc3 47. Ra3
Nd5 48. Nxb7 Rxb7 49. Rxa6 Nxb4 50. Ra8 Nd3 51. Ra6 Kd6 52. Ra4 Nc5 53. Rd4+ Ke7
54. Bc4 Rb4 55. Kg1 Ne4 56. a3 Ra4 57. h4 Nd6 0-1

[Event "17th Dubai Chess Open"]
[Site "Dubai UAE"]
[Date "2015.04.11"]
[Round "5.21"]
[White "Vignesh, NR"]
[Black "Prohaszka, Peter2"]
[Result "0-1"]
[BlackTitle "GM"]
[WhiteElo "2365"]
[BlackElo "2597"]
[WhiteFideId "25012215"]
[BlackFideId "726265"]
[EventDate "2015.04.06"]

1. e4 c6 2. d4 d5 3. Nc3 dxe4 4. Nxe4 Bf5 5. Ng3 Bg6 6. Nf3 Nf6 7. Bd3 e6 8. O-O
Be7 9. c4 O-O 10. Bf4 Nbd7 11. Bxg6 hxg6 12. Qe2 Qa5 13. Rfd1 Rfe8 14. Ne5 Rad8
15. Bd2 Qc7 16. Bc3 a5 17. Ne4 Nxe5 18. dxe5 Nxe4 19. Qxe4 Bc5 20. Qe1 a4 21. b4
Be7 22. a3 b5 23. c5 Rd5 24. Rxd5 exd5 25. Qd2 Qd7 26. Re1 Qf5 27. Qd1 Bd8 28.
Qb1 Qe6 29. f4 Qg4 30. Rf1 Qe2 31. Qe1 Qd3 32. Rf3 Qf5 33. h3 g5 34. g4 Qe4 35.
Qxe4 dxe4 36. Re3 gxf4 37. Rxe4 g5 38. Kf2 Kf8 39. Kf3 Ke7 40. Re2 Ke6 41. Ke4
Rh8 42. Rh2 Bc7 43. Bd4 Rh7 44. Bc3 Rh6 45. Bd4 Rh8 46. Bb2 Bd8 47. Bc3 Be7 48.
Bd4 Rd8 49. Rd2 f6 50. exf6 Bxf6 51. Rd3 Re8 52. Bf2 Kf7+ 53. Kf3 Rh8 54. Ke4
Re8+ 55. Kf3 Re6 56. h4 gxh4 57. Kxf4 Re2 58. Bd4 h3 59. Bxf6 h2 60. Rh3 Kxf6
61. Kg3 Ra2 62. Rxh2 Rxa3+ 63. Kf4 Rb3 64. Rh6+ Ke7 65. Ke5 Rxb4 66. Rh7+ Kf8
67. Kd6 a3 68. Rh1 a2 69. Ra1 Rb2 70. Kxc6 b4 71. Kb7 b3 72. c6 Rc2 73. c7 b2 0-1

[Event "17th Dubai Chess Open"]
[Site "Dubai UAE"]
[Date "2015.04.11"]
[Round "5.22"]
[White "Shimanov, Aleksandr"]
[Black "Mosadeghpour, Masoud"]
[Result "1-0"]
[WhiteTitle "GM"]
[WhiteElo "2594"]
[BlackElo "2371"]
[WhiteFideId "4198603"]
[BlackFideId "12519278"]
[EventDate "2015.04.06"]

1. d4 Nf6 2. c4 g6 3. f3 d5 4. cxd5 Nxd5 5. e4 Nb6 6. Nc3 Bg7 7. Be3 Bf8 8. Bc1
Bg7 9. Be3 e5 10. d5 c6 11. Qd2 cxd5 12. exd5 O-O 13. h4 h5 14. g4 hxg4 15. h5
gxf3 16. hxg6 fxg6 17. Qh2 Bf5 18. Nxf3 Kf7 19. Ng5+ Ke8 20. Bb5+ N8d7 21. Ne6
Qe7 22. Bc5 Qf6 23. Bxf8 Bxf8 24. Qh8 Qxh8 25. Rxh8 Ke7 26. Rh7+ Kd6 27. Bxd7
Nxd7 28. Nb5+ Kxd5 29. Nbc7+ Ke4 30. Rxd7 Bb4+ 31. Kf2 Rh8 32. Ng5+ Kf4 33.
Nce6+ Bxe6 34. Nxe6+ Kf5 35. Ng7+ Kf4 36. Kg2 Rc8 37. Rf1+ 1-0

[Event "17th Dubai Chess Open"]
[Site "Dubai UAE"]
[Date "2015.04.11"]
[Round "5.23"]
[White "Kovchan, Alexander"]
[Black "Tissir, Mohamed"]
[Result "1-0"]
[WhiteTitle "GM"]
[BlackTitle "IM"]
[WhiteElo "2576"]
[BlackElo "2359"]
[WhiteFideId "14103052"]
[BlackFideId "9000240"]
[EventDate "2015.04.06"]

1. e4 c5 2. Nf3 e6 3. d4 cxd4 4. Nxd4 a6 5. Bd3 Bc5 6. Nb3 Be7 7. Qg4 g6 8. Qe2
d6 9. O-O Nd7 10. a4 b6 11. Na3 Qc7 12. a5 b5 13. c4 b4 14. Nc2 Rb8 15. Bd2 Nc5
16. Nxc5 dxc5 17. f4 Nf6 18. f5 Nd7 19. fxe6 fxe6 20. Bh6 Ne5 21. Ne3 Bf8 22.
Bf4 Bd6 23. Bg3 Nf7 24. e5 Nxe5 25. Nd5 exd5 26. Bxe5 Bxe5 27. Rae1 dxc4 28.
Bxc4 Rb7 29. Rf7 Qd6 30. Qxe5+ Qxe5 31. Rxe5+ Kd8 32. Rd5+ Rd7 33. Rfxd7+ Bxd7
34. Bxa6 Ke7 35. Rxc5 Kd6 36. Rg5 Bf5 37. Bb7 Kc7 38. Bf3 Rd8 39. g4 Be6 40.
Rc5+ Kd6 41. Rb5 b3 42. a6 Bc4 43. Rb4 Bxa6 44. Rb6+ Ke5 45. Rxa6 Rd2 46. Ra4
Rxb2 47. Re4+ Kd6 48. Re3 Kc5 49. g5 Kd4 50. Re4+ Kc3 51. Re3+ Kd4 52. Re4+ Kc3
53. Re7 Rc2 54. Be4 Rd2 55. Rxh7 Rd4 56. Rc7+ Kd2 57. Bxg6 Rg4+ 58. Kf2 Rxg5 59.
Be4 Rh5 60. Rh7 Re5 61. Kf3 b2 62. Rb7 Kc1 63. h4 Rh5 64. Kg4 Re5 65. Bf5 1-0

[Event "17th Dubai Chess Open"]
[Site "Dubai UAE"]
[Date "2015.04.11"]
[Round "5.24"]
[White "Abhishek, Kelkar"]
[Black "Grover, Sahaj"]
[Result "1-0"]
[BlackTitle "GM"]
[WhiteElo "2343"]
[BlackElo "2519"]
[WhiteFideId "5019257"]
[BlackFideId "5021103"]
[EventDate "2015.04.06"]

1. d4 Nf6 2. Nf3 e6 3. c4 c5 4. d5 d6 5. Nc3 exd5 6. cxd5 g6 7. Bf4 Bg7 8. Qa4+
Bd7 9. Qb3 b5 10. Bxd6 Qb6 11. Be5 O-O 12. e3 c4 13. Qd1 b4 14. Ne2 Bb5 15. Nf4
Nbd7 16. Bd4 Qb7 17. Be2 Rfe8 18. O-O Bh6 19. a4 bxa3 20. Rxa3 g5 21. b3 cxb3
22. Bxb5 Qxb5 23. Rxb3 Qa5 24. Bc3 Qc5 25. Bb4 Qc4 26. Nd2 Qa6 27. Nh5 Nxd5 28.
Ba3 Qg6 29. Nc4 N7f6 30. Nxf6+ Nxf6 31. Bb2 Rad8 32. Qa1 Ne4 33. Ra3 Qe6 34. Ra6
Qxc4 35. Rxh6 Rd7 36. Bd4 f5 37. Ra6 Qf7 38. Rc1 Nd2 39. Rf6 Qd5 40. Rc5 Qb3 41.
Rcxf5 Ne4 42. Ra6 Rb8 43. h3 Qc2 44. Qa2+ Qxa2 45. Rxa2 h6 46. Ra6 Rb1+ 47. Kh2
Kh7 48. Rf8 Nd6 49. Rf6 Nf7 50. Rg6 Rd1 51. Rg7+ Kh8 52. Rxh6+ 1-0

[Event "17th Dubai Chess Open"]
[Site "Dubai UAE"]
[Date "2015.04.11"]
[Round "5.25"]
[White "Abdulla, Khayala"]
[Black "Karthikeyan, Murali"]
[Result "0-1"]
[WhiteTitle "WIM"]
[BlackTitle "IM"]
[WhiteElo "2255"]
[BlackElo "2504"]
[WhiteFideId "13401807"]
[BlackFideId "5074452"]
[EventDate "2015.04.06"]

1. e4 c5 2. Nf3 e6 3. d4 cxd4 4. Nxd4 a6 5. Bd3 Nf6 6. O-O Qc7 7. Qe2 d6 8. c4
Nc6 9. Nxc6 bxc6 10. f4 Nd7 11. b3 Be7 12. Bb2 e5 13. f5 O-O 14. Nc3 Bb7 15. Rf3
Rfe8 16. Rh3 a5 17. Rf1 Nf6 18. Bc1 Qd8 19. g4 Nd7 20. Kh1 Bg5 21. Bxg5 Qxg5 22.
Rh5 Qd8 23. g5 g6 24. f6 gxh5 25. Qxh5 Re6 26. Nd5 cxd5 27. exd5 e4 28. dxe6
exd3+ 29. Kg1 Ne5 30. exf7+ Kh8 31. Rf5 Qb6+ 32. Rf2 Qe3 33. g6 Nxg6 0-1

[Event "17th Dubai Chess Open"]
[Site "Dubai UAE"]
[Date "2015.04.11"]
[Round "5.26"]
[White "Ezat, Mohamed"]
[Black "Mammadzada, Gunay"]
[Result "1-0"]
[WhiteTitle "IM"]
[BlackTitle "WGM"]
[WhiteElo "2479"]
[BlackElo "2336"]
[WhiteFideId "10600906"]
[BlackFideId "13403729"]
[EventDate "2015.04.06"]

1. Nf3 c5 2. c4 b6 3. e3 Nf6 4. d4 cxd4 5. exd4 e6 6. Nc3 Bb7 7. a3 d5 8. cxd5
Nxd5 9. Bb5+ Bc6 10. Qa4 Bxb5 11. Nxb5 Nd7 12. O-O Be7 13. Nc3 O-O 14. Nxd5 exd5
15. Bf4 Nf6 16. Rac1 Bd6 17. Be5 Ne4 18. Rfd1 Re8 19. h3 Re6 20. Qb5 Bxe5 21.
dxe5 Ng5 22. Nd4 Rg6 23. Nc6 Nf3+ 24. Kf1 Nh2+ 25. Ke1 Qg5 26. Qxd5 Re8 27. Qd8
Kf8 28. Qxg5 Rxg5 29. Ke2 Rxg2 30. b4 f6 31. Rg1 Rxg1 32. Rxg1 b5 33. f4 a6 34.
Rd1 g5 35. fxg5 fxe5 36. Rd7 Re6 37. Nd8 Rg6 38. Rxh7 Kg8 39. Rh6 Rxg5 40. Rh8+
Kxh8 41. Nf7+ Kg7 42. Nxg5 Kf6 43. Nf3 1-0

[Event "17th Dubai Chess Open"]
[Site "Dubai UAE"]
[Date "2015.04.11"]
[Round "5.28"]
[White "Mammadov, Zaur"]
[Black "Kuznetsov, Mikhail V."]
[Result "1-0"]
[WhiteTitle "IM"]
[WhiteElo "2470"]
[BlackElo "2260"]
[WhiteFideId "13401033"]
[BlackFideId "4194900"]
[EventDate "2015.04.06"]

1. e4 c6 2. d4 d5 3. exd5 cxd5 4. c4 Nf6 5. Nc3 g6 6. Qb3 Bg7 7. cxd5 O-O 8.
Nge2 Nbd7 9. Nf4 g5 10. Nd3 h6 11. h4 g4 12. g3 Nb6 13. Nf4 Bf5 14. Bg2 Qd7 15.
O-O Rac8 16. Re1 Rfd8 17. Qa3 Nc4 18. Qxa7 Bc2 19. b3 Nd6 20. Bb2 Bf8 21. Rac1
Qf5 22. Qb6 Nd7 23. Qb4 Ne8 24. Qb5 Qh7 25. Ne4 Ndf6 26. Nxf6+ Nxf6 27. Qxb7 Ra8
28. d6 exd6 29. Qxa8 Rxa8 30. Bxa8 Qf5 31. Re2 Bd3 32. Re3 Be4 33. Bxe4 Nxe4 34.
d5 Bg7 35. Bxg7 Kxg7 36. b4 Nd2 37. b5 Qd7 38. a4 Qa7 39. Ra3 Ne4 40. Rf1 Qc5
41. Re3 Qb4 42. a5 Nd2 43. Ra1 Nc4 44. a6 Nxe3 45. a7 Nd1 46. Nd3 Qxb5 47. a8=Q
Qxd3 48. Qa6 Qd4 49. Qa7 Qxd5 50. Ra4 Nc3 51. Rxg4+ Kh7 52. Kh2 Ne2 53. Qb8 1-0